Регионална библиотека "Любен Каравелов" - Русе

Локомотив - Русе (Запис номер 446988)

MARC детайли
000 -Лидер
Контролно поле с фиксирана дължина 00767nam a2200241 a 4500
003 - Код на организацията, давaща контролен номер
Контролно поле BLK
005 - Дата и час на последна редакция
Контролно поле 20230808085717.0
008 - Елементи от данни с фиксирана дължина
fixed length control field 200316b bul|||||r ||||||| ||bul||
040 ## - Източник на каталожния запис
Идентификатор на билиотеката - собственик на записа BLK
041 ## - Код за език
Код за езика на текст/звукозапис или на отделно заглавие Български
Код за езика КДБФ Български
080 ## - УДК
Текстов определител УДК Организация и ръководство на спорта
УДК код - определител по УДК 796.062
УДК - код + определител 796.062(062)
139 ## - Редно поле
Авторски знак Лок - Л 81
245 10 - Сведения за заглавието
Заглавие Локомотив - Русе
Подзаглавни данни Справочник пролет `82
Физически носител (вид на носителя) [Малотир. изд.]
260 ## - Област на издателските данни
Място на издаване, разпространение и проч. Русе
Име на издателя, разпространителя и проч. б. и.
Година на издаване 1982
9 (RLIN) 218041
300 ## - Физическа характеристика
Страници 40 с.
Размери/Мащаб 16 см
380 ## - Жанр
Жанр 793/799 Спорт
650 #0 - Допълнително описание по предмет – тема
Основно описание – тема или топоним Физкултура и спорт
9 (RLIN) 288522
653 #7 - Ключова дума – ненормативна
Ключова дума футбол
9 (RLIN) 199648
852 ## - Местоположение
Фондова буква Краезнание
Систематично-азбучна сигнатура К 796/799/Л 81
999 ## - СИСТЕМНИ КОНТРОЛНИ НОМЕРА
Koha biblionumber 446988
Koha biblioitemnumber 446988
942 ## - АРТИКУЛИ
Вид на библиотечния материал Книги
Скрит в OPAC Не
Източник на класификационната схема Universal Decimal Classification
Периодичен библиозапис Да
Koha issues (borrowed), all copies 1
944 ## - СЪЗДАВАНЕ И РЕДАКЦИЯ на ЗАПИСА
Създаване/Редакция Създаване
Дата на регистрацията/редакция 2022-03-02
Служител, извършил регистрацията/редакцията 30570
Статус, дата на статуса Моника Янева
999 ## - СИСТЕМНИ КОНТРОЛНИ НОМЕРА
Koha biblioitemnumber 446988
Наличности
Код за отписване Код за изгубен артикул Източник на класификационната схема Код за повреда Коз за рестрикции Код за отдаване Артикулен № Име на библиотеката - собственик Име на библиотеката, в която се намира в момента Статус (Текущо местоположение) Дата на вписване в системата Местоположение - отдел Цена в лева Систематично азбучна сигнатура Баркод Цена в евро Служебен тип на артикула
  Не е изгубен Universal Decimal Classification Не е повреден само за читалня ползва се в читалня 874815 Регионална библиотека "Любен Каравелов" Русе Регионална библиотека "Любен Каравелов" Русе Краезнание 2022-03-10 Краезнание 2.00 К 796/799/Л 81 120000867847 1.02 Книги
Vip Innovations Ltd, Rousse, Bulgaria 2025